| 000 | 00544cam a22001577a 4500 | ||
|---|---|---|---|
| 008 | 180718b1992 xxu||||| |||| 00| 0 eng d | ||
| 082 | _aBA27 G346t | ||
| 100 | _aGhosh, G.K. | ||
| 245 |
_aTribals and their culture _cby G.K. Ghosh |
||
| 260 |
_aNew Delhi _bAshish _c1992 |
||
| 300 | _a3v. | ||
| 500 | _aContents: v.1 Assam, Meghalaya and Mizoram, 143p.;v.2 Arunachal Pradesh and Tripura, 154p.;v.3 Manipur and Nagaland, 223p. | ||
| 650 | _aIndia --Social life and customs. | ||
| 650 | _aIndia --Scheduled tribes | ||
| 650 | _aEthnology --India | ||
| 999 |
_c390999 _d390999 |
||